Science Quiz

Random Science or Animal Quiz

The Sporcle Zoo VI Quiz Stats

Quiz Updated Feb 3, 2016

Also try: The Sporcle Zoo V
Challenge
Share
Tweet
Score 0/25 Timer 07:00
3 Plays Today
% Correct
Polar bear
99.6%
South China tiger
99.3%
Crab-eating raccoon
91.9%
Galápagos sea lion
84.8%
Marine otter
79.8%
Snow leopard
78%
Xoloitzcuintle or Mexican hairless dog
77.2%
Spectacled bear
65.9%
Ocelot or dwarf leopard
65.7%
Meerkat or suricate
64.6%
Japanese badger
63.7%
Coyote or American jackal
63%
Darwin's fox
59.1%
% Correct
Stoat, ermine or short-tailed weasel
59%
Wolverine
49.6%
Southern elephant seal
45.1%
American mink
29.4%
Jaguarundi
27.9%
Aardwolf
25.8%
Teledu or Sunda stink badger
23.6%
South American or ring-tailed coati
14%
Common dwarf mongoose
13.6%
Kinkajou
12.9%
Zorilla or striped polecat
12.2%
Malayan civet
9.9%

You're not logged in!

Compare scores with friends on all Sporcle quizzes.
Join for Free
OR
Log In

You Might Also Like...

Show Comments

Extras

Top Quizzes Today


Score Distribution

Your Account Isn't Verified!

In order to create a playlist on Sporcle, you need to verify the email address you used during registration. Go to your Sporcle Settings to finish the process.

Report this User

Report this user for behavior that violates our Community Guidelines.

Details: